ہمارا ماحول / (Record no. 196013)

MARC details
000 -LEADER
fixed length control field 00551nam a22001937a 4500
005 - DATE AND TIME OF LATEST TRANSACTION
control field 20230517113532.0
010 ## - LCCN (DPL NO)
LC control number UR-12013
020 ## - INTERNATIONAL STANDARD BOOK NUMBER
Terms of availability 70.00
035 ## - SYSTEM CONTROL NUMBER
System control number U-10568
037 ## - SOURCE OF ACQUISITION
Source of stock number/acquisition DBAD/PUB
082 ## - DEWEY DECIMAL CLASSIFICATION NUMBER
Classification number 844
100 ## - MAIN ENTRY--PERSONAL NAME
Personal name رفیق ، اے ایس
245 ## - TITLE STATEMENT
Title ہمارا ماحول /
Statement of responsibility, etc رفیق ، اے ایس
246 ## - VARYING FORM OF TITLE
Title proper/short title Hamara mahaul /
Remainder of title by Rafique A.S.
260 ## - PUBLICATION, DISTRIBUTION, ETC. (IMPRINT)
Place of publication, distribution, etc Kamptee
Name of publisher, distributor, etc Ideal Publication House
Date of publication, distribution, etc 2013 ء
270 ## - ADDRESS
Address Naya Bazar
City Kamptee
Postal code 441001
300 ## - PHYSICAL DESCRIPTION
Extent 120 ص
Dimensions 21cm(Hb)
942 ## - ADDED ENTRY ELEMENTS (KOHA)
Source of classification or shelving scheme Dewey Decimal Classification
Item type Urdu Bks
Classification part 844
Call number suffix ر ف ی
Holdings
Withdrawn status Lost status Not for loan Collection code Home library Current library Date acquired Source of acquisition Cost, normal purchase price Full call number Barcode Copy number Cost, replacement price Koha item type
      Non-fiction Shahdara Branch Shahdara Branch 17/05/2023 DBAD/PUB 70.00 844 ر ف ی U-10568 1 70.00 Urdu Bks

© Delhi Public Library
Hit Counter
free hit counter